| 000 | 01248cam a2200217 4500 | ||
|---|---|---|---|
| 008 | 040413n2004 000 0 eng u | ||
| 035 | _a(Sirsi) u125817 | ||
| 245 | _aWelsh house price boom | ||
| 260 | _c2004 | ||
| 490 |
_aHalifax Building Society Press Release _v12 April 2004, (1) |
||
| 520 | _aAccording to the latest housing survey conducted by the Halifax Building Society, Wales takes four of the top 10 spots in the Halifax's new table of 67 counties in England, Scotland, Wales and Northern Ireland. Of those four Welsh counties Gwynedd (57%) and West Glamorgan (56%) have seen the biggest house price rises over the past 12 months. The 10 counties with the biggest price gains during the last 12 months are all outside southern England. All these counties have seen house prices increases of 30% or more. For the Halifax Press Release: http://www.hbosplc.com/media/pressreleases/articles/halifax/2004-04-12-00.asp?fs=/media/press_releases.asp | ||
| 590 | _aWB | ||
| 650 | _aNORTH ENGLAND | ||
| 650 | _aWALES | ||
| 650 | _aHOUSE PRICE DATA | ||
| 650 | _aHOUSE PRICE INDEX | ||
| 650 | _aWELSH COUNTIES | ||
| 650 | _aHALIFAX BUILDING SOCIETY | ||
| 690 | _aPROPERTY-RESIDENTIAL PROPERTY-RESIDENTIAL PROPERTY MARKET | ||
| 942 | _n0 | ||
| 999 |
_c74366 _d74366 |
||